| 000 | 00882nam a2200229 4500 | ||
|---|---|---|---|
| 003 | dpl | ||
| 005 | 20170124110304.0 | ||
| 008 | 161125b xxu||||| |||| 00| 0 eng d | ||
| 010 | _aA-297049 | ||
| 035 | _aA-297049 | ||
| 040 |
_bEN _cDPL |
||
| 082 |
_a351.5 _bLAL |
||
| 245 |
_aLal's remedies of government servants in service matters under the Administrative Tribunals Act, 1985 : _bas amended by (Act no. 19 of 1986) : along with new procedure rules, 1987 and model forms / _cby K B Asthana |
||
| 250 | _a2nd ed | ||
| 260 |
_aAllahabad _bLaw Publishers _c1987 |
||
| 270 |
_aSardar Patel, Marg Post Box no. 1077 _bAllahabad _e211001 |
||
| 300 |
_av 1. 816+li _b27cm(Hb) |
||
| 650 | _aAdministrative courts -- India. | ||
| 650 | _aAdministrative law -- India. | ||
| 650 | _aJudicial review of administrative acts -- India. | ||
| 942 |
_2ddc _cEN _h351.5 _mLAL |
||
| 999 |
_c136536 _d136536 |
||